Principles and Application of Technologies in Agriculture: farm machinery/by Sanjay Kumar (Record no. 50526)

MARC details
000 -LEADER
fixed length control field 00512nam a22001577a 4500
003 - CONTROL NUMBER IDENTIFIER
control field OSt
008 - FIXED-LENGTH DATA ELEMENTS--GENERAL INFORMATION
fixed length control field 260508b |||||||| |||| 00| 0 eng d
020 ## - INTERNATIONAL STANDARD BOOK NUMBER
International Standard Book Number 9789327274813
082 ## - DEWEY DECIMAL CLASSIFICATION NUMBER
Classification number 631.3
Item number S15P
100 ## - MAIN ENTRY--PERSONAL NAME
Personal name Kumar, Sanjay
245 ## - TITLE STATEMENT
Title Principles and Application of Technologies in Agriculture: farm machinery/by Sanjay Kumar
260 ## - PUBLICATION, DISTRIBUTION, ETC. (IMPRINT)
Place of publication, distribution, etc Ludhiana :
Name of publisher, distributor, etc Kalyani Publishers ;
Date of publication, distribution, etc 2017.
300 ## - PHYSICAL DESCRIPTION
Extent 2nd. ed.
650 ## - SUBJECT ADDED ENTRY--TOPICAL TERM
Topical term or geographic name as entry element Agriculture and related technologies | Technology (Applied sciences)
942 ## - ADDED ENTRY ELEMENTS (KOHA)
Source of classification or shelving scheme
Koha item type Books
Holdings
Withdrawn status Lost status Source of classification or shelving scheme Damaged status Not for loan Home library Current library Shelving location Date acquired Source of acquisition Cost, normal purchase price Total Checkouts Full call number Barcode Date last seen Bill Date Koha item type Bill Number
          Dr. Rajendra Prasad Central Agricultural University Pusa, Dr. Rajendra Prasad Central Agricultural University Pusa, General Stacks 08/05/2026 Kalyani Publishers 350.00   631.3 S15P 88653 08/05/2026 02/02/2026 Books Invoice No. 2237
          Dr. Rajendra Prasad Central Agricultural University Pusa, Dr. Rajendra Prasad Central Agricultural University Pusa, General Stacks 08/05/2026 Kalyani Publishers 350.00   631.3 S15P 88654 08/05/2026 02/02/2026 Books Invoice No. 2237
          Dr. Rajendra Prasad Central Agricultural University Pusa, Dr. Rajendra Prasad Central Agricultural University Pusa, General Stacks 08/05/2026 Kalyani Publishers 350.00   631.3 S15P 88655 08/05/2026 02/02/2026 Books Invoice No. 2237
          Dr. Rajendra Prasad Central Agricultural University Pusa, Dr. Rajendra Prasad Central Agricultural University Pusa, General Stacks 08/05/2026 Kalyani Publishers 350.00   631.3 S15P 88656 08/05/2026 02/02/2026 Books Invoice No. 2237
          Dr. Rajendra Prasad Central Agricultural University Pusa, Dr. Rajendra Prasad Central Agricultural University Pusa, General Stacks 08/05/2026 Kalyani Publishers 350.00   631.3 S15P 88657 08/05/2026 02/02/2026 Books Invoice No. 2237
Hosted, Implemented, Customized & Maintained by: BestBookBuddies

Powered by Koha